| Tag |
First Indicator |
Second Indicator |
Subfields |
| LEADER |
00000cam a2200000Ia 4500 |
| 001 |
in00002003704 |
| 005 |
20220105141446.0 |
| 006 |
m d |
| 007 |
cr cn- |
| 008 |
030909s2003 njua sb 001 0 eng d |
| 020 |
|
|
|a 1410607720 (electronic bk.)
|
| 035 |
|
|
|a (OCoLC)ocm52993908
|
| 040 |
|
|
|a N$T
|c N$T
|d UtOrBLW
|
| 049 |
|
|
|a IKMN
|
| 050 |
1 |
4 |
|a RJ506.C65
|b C65 2003eb
|
| 060 |
1 |
0 |
|a 2003 H-676
|
| 060 |
1 |
0 |
|a WS 350.6
|b C7457 2003
|
| 082 |
0 |
4 |
|a 618.92/89
|2 22
|
| 245 |
0 |
0 |
|a Conduct and oppositional defiant disorders :
|b epidemiology, risk factors, and treatment /
|c edited by Cecilia A. Essau.
|
| 264 |
|
1 |
|a Mahwah, N.J. :
|b Lawrence Erlbaum,
|c 2003.
|
| 300 |
|
|
|a viii, 412 pages :
|b illustrations
|
| 336 |
|
|
|a text
|b txt
|2 rdacontent
|
| 337 |
|
|
|a computer
|b c
|2 rdamedia
|
| 338 |
|
|
|a online resource
|b cr
|2 rdacarrier
|
| 504 |
|
|
|a Includes bibliographical references and indexes.
|
| 533 |
|
|
|a Electronic reproduction.
|b Boulder, Colo. :
|c NetLibrary,
|d 2003.
|n Available via World Wide Web.
|n Access may be limited to NetLibrary affiliated libraries.
|
| 500 |
|
|
|a Electronic resource.
|
| 650 |
|
0 |
|a Conduct disorders in children.
|0 http://id.loc.gov/authorities/subjects/sh89007101
|
| 650 |
|
0 |
|a Conduct disorders in adolescence.
|0 http://id.loc.gov/authorities/subjects/sh90001818
|
| 650 |
|
0 |
|a Oppositional defiant disorder in children.
|0 http://id.loc.gov/authorities/subjects/sh89007102
|
| 650 |
|
0 |
|a Oppositional defiant disorder in adolescence.
|0 http://id.loc.gov/authorities/subjects/sh96003264
|
| 650 |
1 |
2 |
|a Conduct Disorder
|x Adolescent.
|
| 650 |
1 |
2 |
|a Conduct Disorder
|x Child.
|
| 650 |
2 |
2 |
|a Attention Deficit and Disruptive Behavior Disorders
|x Adolescent.
|
| 650 |
2 |
2 |
|a Attention Deficit and Disruptive Behavior Disorders
|x Child.
|
| 655 |
|
7 |
|a Electronic books.
|2 local
|
| 700 |
1 |
|
|a Essau, Cecilia.
|0 http://id.loc.gov/authorities/names/n95027747
|
| 710 |
2 |
|
|a NetLibrary, Inc.
|0 http://id.loc.gov/authorities/names/no99080690
|
| 776 |
1 |
|
|c Original
|z 0805840613
|w (DLC) 2003040829
|w (OCoLC)51637762
|
| 856 |
4 |
1 |
|u https://proxy.library.tamu.edu/login?url=http://www.netLibrary.com/urlapi.asp?action=summary&v=1&bookid=86781
|z Connect to the full text of this electronic book
|t 0
|
| 994 |
|
|
|a 92
|b IKM
|
| 999 |
|
|
|a MARS
|
| 999 |
f |
f |
|s 229cb658-9a92-3ba0-a4c5-4315425a4972
|i 37d5acb8-6b46-31d4-914f-f7d43e8622f7
|t 0
|
| 952 |
f |
f |
|a Texas A&M University
|b College Station
|c Electronic Resources
|d Available Online
|t 0
|e RJ506.C65 C65 2003eb
|h Library of Congress classification
|
| 998 |
f |
f |
|a RJ506.C65 C65 2003eb
|t 0
|l Available Online
|